000 005390000a22002050004500
003 LK-CoMWRAF
005 20240624184456.0
008 230817t ||||| |||| 00| 0 eng d
020 _a9558267007
040 _aLK-CoMWRAF
_dLK-CoMWRAF
_eLK-CoMWRAF
041 _aeng
082 _a345.0235
_bFER
100 _aFernando, Ravindra
245 _aImpunity in Sri Lanka
260 _aColombo:
_bThe family rehabilitation centre,
_c1999
300 _a32 p.
650 _aIMPUNITY
700 _aMunasinghe, Dulma Sandakmali W.
942 _cBK
999 _c3124
_d3124